Unbekannter Nachbar Türkei

Salvato in:
Dettagli Bibliografici
Autore principale: Hottinger, Arnold
Natura: Libro
Lingua:tedesco
Pubblicazione: Stuttgart At Verlag Aarau 1990
Edizione:1. Aufl.
Soggetti:
Tags: Aggiungi Tag
Nessun Tag, puoi essere il primo ad aggiungerne!!

MARC

LEADER 00000nam a2200000 4500
001 c000612
005 20221206122753.6
020 |a 3-85502-387-5 
041 0 |a ger 
044 |a DE 
245 1 0 |a Unbekannter Nachbar Türkei  |c Arnold Hottinger 
250 |a 1. Aufl. 
264 1 |a Stuttgart  |b At Verlag Aarau  |c 1990 
300 |a 176 s. 
610 2 0 |a rozvoj hospodársky 
610 2 0 |a rozvoj regionálny 
610 2 0 |a mestá 
610 2 0 |a história 
610 2 0 |a politika vnútorná 
610 2 0 |a Turecko 
610 2 0 |a práva ľudské 
100 1 |a Hottinger, Arnold